[Event "8th Edmonton International"]
[Site "Edmonton Canada"]
[Date "2013.06.28"]
[Round "6"]
[White "Hansen, Eric"]
[Black "Wang, Richard"]
[Result "1/2-1/2"]
[WhiteElo "2577"]
[BlackElo "2371"]
[PlyCount "72"]
[EventDate "2013.06.23"]
[EventType "tourn"]
[EventRounds "9"]
[EventCountry "CAN"]
[TimeControl "5400"]

1. d4 d5 2. c4 c6 3. Nf3 Nf6 4. e3 Bg4 5. h3 Bxf3 6. Qxf3 Nbd7 7. Nc3 e6 8. Bd3
Bb4 9. O-O O-O 10. Qd1 dxc4 11. Bxc4 c5 12. Qb3 cxd4 13. exd4 Qa5 14. a3 Bxc3
15. bxc3 Rac8 16. Bd2 Ne4 17. Be1 Qb6 18. Rc1 Nd6 19. Qxb6 Nxb6 20. Bd3 Nbc4
21. a4 Rc6 22. Rb1 Rfc8 23. f3 Nb6 24. Be4 Nd5 25. Bxd5 exd5 26. Bg3 b6 27.
Bxd6 Rxd6 28. Rfe1 Kf8 29. Rb3 Re6 30. Kf2 Ke7 31. a5 bxa5 32. Rb7+ Kf6 33. Ra1
Ra6 34. Rb5 Rxc3 35. Rbxa5 Rc2+ 36. Kg3 Rxa5 1/2-1/2

[Event "8th Edmonton International"]
[Site "Edmonton Canada"]
[Date "2013.06.28"]
[Round "6"]
[White "Mikhalevski, Victor"]
[Black "Haessel, Dale"]
[Result "1-0"]
[WhiteElo "2551"]
[BlackElo "2171"]
[PlyCount "59"]
[EventDate "2013.06.23"]
[EventType "tourn"]
[EventRounds "9"]
[EventCountry "CAN"]
[TimeControl "5400"]

1. Nf3 Nf6 2. c4 c5 3. g3 d5 4. Bg2 Nc6 5. cxd5 Nxd5 6. Nc3 g6 7. O-O Bg7 8.
Nxd5 Qxd5 9. d3 Qd6 10. Be3 Rb8 11. Nd2 O-O 12. Nc4 Qc7 13. Bxc5 b5 14. Ne3
Bxb2 15. Rb1 Bg7 16. Rc1 Bb7 17. Bxa7 Ra8 18. Nd5 Qd8 19. Bc5 Rxa2 20. Nxe7+
Nxe7 21. Bxb7 Qd7 22. Bf3 Rc8 23. Qb3 Rb2 24. Qa3 Nc6 25. Kg2 Qe6 26. d4 Ra2
27. d5 Rxa3 28. dxe6 Ra6 29. Bd5 f5 30. e7+ 1-0

[Event "8th Edmonton International"]
[Site "Edmonton Canada"]
[Date "2013.06.28"]
[Round "6"]
[White "Short, Nigel"]
[Black "Perez Garcia, Rodney"]
[Result "1-0"]
[WhiteElo "2682"]
[BlackElo "2364"]
[PlyCount "81"]
[EventDate "2013.06.23"]
[EventType "tourn"]
[EventRounds "9"]
[EventCountry "CAN"]
[TimeControl "5400"]

1. e4 e6 2. d4 d5 3. Nc3 dxe4 4. Nxe4 Nd7 5. Nf3 Ngf6 6. Bd3 c5 7. Be3 Nxe4 8.
Bxe4 Nf6 9. Bd3 Qc7 10. Ne5 a6 11. c3 Bd6 12. Qa4+ Nd7 13. O-O O-O 14. f4 b5
15. Qc2 f5 16. Nxd7 Bxd7 17. dxc5 Bxc5 18. Qf2 Bd6 19. Bb6 Qb7 20. Bd4 Rfe8 21.
Rae1 Bc6 22. Re3 Bd5 23. Rfe1 Rec8 24. Rh3 Qf7 25. a3 Rc7 26. Qh4 g6 27. Qf2
Rac8 28. Rhe3 Bc5 29. Bxc5 Rxc5 30. h4 h5 31. Be2 Kh7 32. Re5 R5c7 33. Bf3 Bc4
34. Qb6 Qe7 35. g3 Ra7 36. Be2 Bd5 37. Bxh5 Qc5+ 38. Qxc5 Rxc5 39. Bf3 Kg7 40.
Kf2 Kf7 41. Bxd5 1-0

[Event "8th Edmonton International"]
[Site "Edmonton Canada"]
[Date "2013.06.29"]
[Round "7"]
[White "Bruzon, Lazaro"]
[Black "Mikhalevski, Victor"]
[Result "1-0"]
[WhiteElo "2687"]
[BlackElo "2551"]
[PlyCount "73"]
[EventDate "2013.06.23"]
[EventType "tourn"]
[EventRounds "9"]
[EventCountry "CAN"]
[TimeControl "5400"]

1. e4 e5 2. Nf3 Nc6 3. Bb5 a6 4. Ba4 Nf6 5. O-O Nxe4 6. d4 b5 7. Bb3 d5 8. dxe5
Be6 9. Nbd2 Nc5 10. c3 Be7 11. Bc2 d4 12. Nb3 d3 13. Bb1 Nxb3 14. axb3 Bf5 15.
Re1 O-O 16. Be3 Bg6 17. Bd4 Nxd4 18. cxd4 Bb4 19. Re3 d2 20. Bxg6 fxg6 21. Rd3
Rf4 22. d5 Re4 23. Rxd2 Bxd2 24. Qxd2 Qc8 25. d6 Qb7 26. dxc7 h6 27. Rc1 Kh7
28. Qd7 Rc8 29. h4 Rf4 30. e6 Rff8 31. Rc6 Rf4 32. h5 Rf6 33. hxg6+ Rxg6 34.
Ne5 Rf6 35. e7 Rxc6 36. Nxc6 Qa8 37. Qf5+ 1-0

[Event "8th Edmonton International"]
[Site "Edmonton Canada"]
[Date "2013.06.29"]
[Round "7"]
[White "Gardner, Robert"]
[Black "Short, Nigel"]
[Result "0-1"]
[WhiteElo "2213"]
[BlackElo "2682"]
[PlyCount "78"]
[EventDate "2013.06.23"]
[EventType "tourn"]
[EventRounds "9"]
[EventCountry "CAN"]
[TimeControl "5400"]

1. d4 Nf6 2. c4 e6 3. Nc3 Bb4 4. e3 b6 5. Nge2 Ne4 6. Bd2 Nxd2 7. Qxd2 Nc6 8.
a3 Be7 9. Nf4 Bb7 10. Bd3 e5 11. dxe5 Nxe5 12. Be2 O-O 13. O-O Re8 14. Nfd5 Bf8
15. f4 Ng6 16. e4 d6 17. Rae1 a6 18. Bd3 c6 19. Ne3 b5 20. Nf5 Ne7 21. Nxe7+
Bxe7 22. cxb5 axb5 23. Bb1 Qb6+ 24. Kh1 b4 25. axb4 Qxb4 26. Qc2 g6 27. f5 Ba6
28. fxg6 hxg6 29. Rf3 Bc4 30. e5 Bf8 31. Re4 Rxe5 32. h4 Rxe4 33. Qxe4 d5 34.
Qf4 Qe7 35. h5 Bg7 36. g3 gxh5 37. Qf5 d4 38. Qh7+ Kf8 39. Ne4 Ra1 0-1

[Event "8th Edmonton International"]
[Site "Edmonton Canada"]
[Date "2013.06.29"]
[Round "7"]
[White "Haessel, Dale"]
[Black "Doroshenko, Maxim"]
[Result "1/2-1/2"]
[WhiteElo "2171"]
[BlackElo "2336"]
[PlyCount "75"]
[EventDate "2013.06.23"]
[EventType "tourn"]
[EventRounds "9"]
[EventCountry "CAN"]
[TimeControl "5400"]

1. Nf3 Nf6 2. c4 e6 3. Nc3 Bb4 4. Qc2 O-O 5. a3 Bxc3 6. Qxc3 b6 7. g3 Bb7 8.
Bg2 d6 9. O-O Nbd7 10. b4 Qe7 11. Bb2 c5 12. d4 Rac8 13. dxc5 bxc5 14. Rfd1 Nb6
15. Qb3 cxb4 16. axb4 Bxf3 17. Bxf3 Rxc4 18. b5 Qc7 19. Bc6 d5 20. Ra6 Nfd7 21.
Qa2 Rc2 22. Qa1 Rxb2 23. Qxb2 Nb8 24. Ra2 a5 25. Qd4 Nxc6 26. bxc6 Qxc6 27.
Rxa5 Nc4 28. Ra7 Nd6 29. Qb4 h5 30. Rda1 Ne4 31. f3 Nf6 32. Rb7 Qc2 33. Kf2 Qf5
34. Raa7 e5 35. Rc7 e4 36. Kg2 h4 37. g4 Qf4 38. Qa3 1/2-1/2

[Event "8th Edmonton International"]
[Site "Edmonton Canada"]
[Date "2013.06.30"]
[Round "8"]
[White "Doroshenko, Maxim"]
[Black "Bruzon, Lazaro"]
[Result "0-1"]
[WhiteElo "2336"]
[BlackElo "2687"]
[PlyCount "92"]
[EventDate "2013.06.23"]
[EventType "tourn"]
[EventRounds "9"]
[EventCountry "CAN"]
[TimeControl "5400"]

1. d4 Nf6 2. c4 e6 3. Nf3 c5 4. d5 d6 5. Nc3 exd5 6. cxd5 a6 7. a4 g6 8. g3 Bg7
9. Bg2 O-O 10. O-O Re8 11. Bf4 h6 12. Qc1 g5 13. Bd2 Bf5 14. h4 g4 15. Ne1 h5
16. Bg5 Bg6 17. Qf4 Qe7 18. f3 Nbd7 19. fxg4 hxg4 20. Nd3 Rac8 21. h5 Nxh5 22.
Qxg4 Bd4+ 23. Kh2 Ne5 24. Qh4 f6 25. Nxe5 Bxe5 26. Bf4 Kg7 27. Bxe5 Qxe5 28.
Bh3 Rh8 29. Kg2 Rce8 30. Be6 Rh6 31. Rh1 Reh8 32. Qg4 f5 33. Qg5 Nf6 34. Rxh6
Rxh6 35. e4 Rh5 36. Qf4 fxe4 37. Qxe5 Rxe5 38. Re1 b6 39. a5 bxa5 40. Ra1 e3
41. Kf3 Bd3 42. g4 e2 43. Re1 Ne4 44. Bf5 Nd2+ 45. Kf2 Bxf5 46. gxf5 Ne4+ 0-1

[Event "8th Edmonton International"]
[Site "Edmonton Canada"]
[Date "2013.06.30"]
[Round "8"]
[White "Gardner, Robert"]
[Black "Haessel, Dale"]
[Result "0-1"]
[WhiteElo "2213"]
[BlackElo "2171"]
[PlyCount "44"]
[EventDate "2013.06.23"]
[EventType "tourn"]
[EventRounds "9"]
[EventCountry "CAN"]
[TimeControl "5400"]

1. d4 Nf6 2. c4 g6 3. Nc3 d5 4. Nf3 Bg7 5. Bg5 Ne4 6. Bh4 Nxc3 7. bxc3 dxc4 8.
Qa4+ Qd7 9. Qxc4 b6 10. e3 Ba6 11. Qb3 Bxf1 12. Kxf1 c5 13. d5 O-O 14. Ke2 c4
15. Qa3 e5 16. Qe7 Qxd5 17. Rad1 Qa5 18. Rd6 Na6 19. Rhd1 Nc5 20. Nxe5 Rae8 21.
Nc6 Rxe7 22. Bxe7 Qxc3 0-1

[Event "8th Edmonton International"]
[Site "Edmonton Canada"]
[Date "2013.06.30"]
[Round "8"]
[White "Mikhalevski, Victor"]
[Black "Wang, Richard"]
[Result "1/2-1/2"]
[WhiteElo "2551"]
[BlackElo "2371"]
[PlyCount "137"]
[EventDate "2013.06.23"]
[EventType "tourn"]
[EventRounds "9"]
[EventCountry "CAN"]
[TimeControl "5400"]

1. c4 c5 2. Nf3 Nc6 3. d4 cxd4 4. Nxd4 Qb6 5. Nb3 e6 6. a3 Nf6 7. Nc3 Be7 8. e4
O-O 9. Be3 Qc7 10. f4 d6 11. Be2 b6 12. O-O Ba6 13. Rc1 Rac8 14. Nd2 Nb8 15.
Nb5 Bxb5 16. cxb5 Qb7 17. Qa4 e5 18. Bf3 Nbd7 19. b4 exf4 20. e5 Nd5 21. Bxf4
dxe5 22. Rxc8 Qxc8 23. Bxd5 exf4 24. Qxa7 Bc5+ 25. Kh1 Be3 26. Nc4 Nf6 27.
Bxf7+ Kh8 28. Qe7 Qd8 29. Qxd8 Rxd8 30. g3 g5 31. Nxe3 fxe3 32. Bc4 Kg7 33. Re1
Rd4 34. Bf1 Nd5 35. Kg1 Kf6 36. Bg2 Nc3 37. Rxe3 Nxb5 38. Bf1 Nd6 39. Bd3 h5
40. Kf2 Nc4 41. Rf3+ Ke6 42. Bf5+ Kd6 43. Rd3 Rxd3 44. Bxd3 Nxa3 45. Bg6 b5 46.
Ke3 Ke5 47. Kd3 h4 48. Bf7 Kf6 49. Ba2 Ke5 50. Kc3 Kd6 51. Bg8 Ke5 52. Bb3 Nb1+
53. Kc2 Na3+ 54. Kd3 Nb1 55. Bf7 Na3 56. Be8 Kd5 57. Kc3 Ke5 58. Kb3 Nc4 59.
Bxb5 hxg3 60. hxg3 Nd2+ 61. Ka4 g4 62. Ka5 Ne4 63. Bd3 Nxg3 64. b5 Nf5 65. Be2
Nd6 66. b6 g3 67. Bf3 Nc4+ 68. Kb5 Nxb6 69. Kxb6 1/2-1/2

[Event "8th Edmonton International"]
[Site "Edmonton Canada"]
[Date "2013.06.30"]
[Round "8"]
[White "Short, Nigel"]
[Black "Hansen, Eric"]
[Result "1-0"]
[WhiteElo "2682"]
[BlackElo "2577"]
[PlyCount "53"]
[EventDate "2013.06.23"]
[EventType "tourn"]
[EventRounds "9"]
[EventCountry "CAN"]
[TimeControl "5400"]

1. e4 e5 2. Nf3 Nc6 3. Bb5 a6 4. Ba4 Nf6 5. Nc3 b5 6. Bb3 Bc5 7. d3 d6 8. a4
Bg4 9. axb5 axb5 10. Rxa8 Qxa8 11. Nxb5 Qa5+ 12. Nc3 Nd4 13. Bd2 Bb4 14. h3
Bxf3 15. gxf3 O-O 16. Kf1 Nh5 17. Rg1 Kh8 18. Bc4 c6 19. f4 exf4 20. Nb1 Bxd2
21. Nxd2 f3 22. Nxf3 Ne6 23. Bxe6 Nf4 24. Bb3 Qh5 25. Ke1 Ra8 26. Rg4 Qxh3 27.
Ng5 1-0

[Event "8th Edmonton International"]
[Site "Edmonton Canada"]
[Date "2013.07.01"]
[Round "9"]
[White "Haessel, Dale"]
[Black "Short, Nigel"]
[Result "1/2-1/2"]
[WhiteElo "2171"]
[BlackElo "2682"]
[PlyCount "145"]
[EventDate "2013.06.23"]
[EventType "tourn"]
[EventRounds "9"]
[EventCountry "CAN"]
[TimeControl "5400"]

1. Nf3 b6 2. c4 Bb7 3. Nc3 e6 4. g3 Bxf3 5. exf3 c5 6. d4 cxd4 7. Qxd4 Nc6 8.
Qd3 Rc8 9. f4 Qc7 10. Nb5 Qb8 11. Bg2 Nf6 12. O-O a6 13. Nc3 Be7 14. b3 O-O 15.
Bb2 Rfd8 16. Rfd1 Ne8 17. f5 Nd6 18. fxe6 dxe6 19. Qe2 Bf6 20. Ne4 Bxb2 21.
Qxb2 Nf5 22. Qa3 a5 23. Nc3 Ncd4 24. Qb2 h5 25. Rd3 Rc7 26. Rad1 Rcd7 27. Kh1
Qc7 28. Qd2 Rd6 29. Qg5 b5 30. c5 R6d7 31. Ne4 Kf8 32. Qxh5 Rd5 33. Qh8+ Ke7
34. Qh7 Qb8 35. Nd6 Rh8 36. Nxf5+ Nxf5 37. Qxh8 Qxh8 38. Bxd5 exd5 39. Rxd5 Qa8
40. Kg1 g6 41. Rd7+ Ke8 42. Rc7 Qe4 43. Rc8+ Ke7 44. c6 Kf6 45. Rcd8 Qc2 46.
R1d2 Qc1+ 47. Rd1 Qc3 48. R8d3 Qc2 49. R3d2 Qc3 50. Rd3 Qb2 51. R3d2 Qc3 52.
Rd3 Qxc6 53. g4 Qe4 54. gxf5 Qxf5 55. Rd6+ Kg7 56. R6d4 Qc8 57. Kg2 Kh6 58.
R1d3 Qc6+ 59. f3 f5 60. Rd2 Qc3 61. R2d3 Qe1 62. a4 b4 63. Rd8 Qe2+ 64. Kg3
Qe1+ 65. Kg2 Kg5 66. R8d4 Qe2+ 67. Kg1 f4 68. Rd8 Qb2 69. R8d7 Qe2 70. R3d5+
Kh6 71. Rd3 Kg5 72. R3d5+ Kh6 73. Rd3 1/2-1/2

[Event "8th Edmonton International"]
[Site "Edmonton Canada"]
[Date "2013.07.01"]
[Round "9"]
[White "Hansen, Eric"]
[Black "Porper, Edward"]
[Result "1-0"]
[WhiteElo "2577"]
[BlackElo "2424"]
[PlyCount "45"]
[EventDate "2013.06.23"]
[EventType "tourn"]
[EventRounds "9"]
[EventCountry "CAN"]
[TimeControl "5460"]

1. e4 c6 2. d4 d5 3. e5 Bf5 4. Nf3 e6 5. Be2 Ne7 6. O-O Nd7 7. Nbd2 Bg6 8. Nh4
c5 9. c3 Qb6 10. Nxg6 hxg6 11. Nf3 Nf5 12. Qa4 a6 13. Rd1 c4 14. Qc2 Qc6 15. g3
f6 16. h4 g5 17. hxg5 fxe5 18. dxe5 Qb6 19. Nd4 Bc5 20. Nxf5 exf5 21. Bf3 Qg6
22. Rxd5 O-O-O 23. Bf4 1-0

[Event "8th Edmonton International"]
[Site "Edmonton Canada"]
[Date "2013.07.01"]
[Round "9"]
[White "Perez Garcia, Rodney"]
[Black "Mikhalevski, Victor"]
[Result "1/2-1/2"]
[WhiteElo "2364"]
[BlackElo "2551"]
[PlyCount "66"]
[EventDate "2013.06.23"]
[EventType "tourn"]
[EventRounds "9"]
[EventCountry "CAN"]
[TimeControl "5160"]

1. e4 c5 2. Nf3 d6 3. Bb5+ Bd7 4. Bxd7+ Qxd7 5. O-O Nc6 6. c3 Nf6 7. Re1 e6 8.
d4 cxd4 9. cxd4 d5 10. e5 Ng8 11. Nbd2 Nge7 12. Nb3 Nf5 13. Bd2 Be7 14. Rc1 O-O
15. g4 Nh6 16. Bxh6 gxh6 17. Nc5 Bxc5 18. Rxc5 f5 19. exf6 Rxf6 20. Ne5 Nxe5
21. Rxe5 Raf8 22. Rc2 Rf4 23. h3 Qe7 24. Qe1 Qh4 25. Rh5 Qf6 26. Re5 Qh4 27.
Rh5 Qf6 28. Re5 Qg6 29. Rce2 Rxg4+ 30. hxg4 Qxg4+ 31. Kf1 Qh3+ 32. Kg1 Qg4+ 33.
Kf1 Qh3+ 1/2-1/2

[Event "Alberta Women's Championship"]
[Site "Fort McMurray"]
[Date "2013.07.07"]
[Round "4"]
[White "Arzumanyan, Armine"]
[Black "Kalaydina, Nicka"]
[Result "0-1"]
[WhiteElo "1762"]
[BlackElo "1962"]
[PlyCount "21"]
[EventDate "2013.07.06"]
[EventType "swiss"]
[EventRounds "5"]
[EventCountry "CAN"]

1. e4 c5 2. Nf3 e6 3. d4 cxd4 4. Nxd4 Nc6 5. Be2 Nf6 6. Nc3 Bb4 7. Qd3 d5 8.
Nxc6 bxc6 9. O-O O-O 10. e5 Nd7 11. Qg3 0-1

[Event "Barcelona "]
[Site "?"]
[Date "2013.10.28"]
[Round "4"]
[White "Hansen, Eric"]
[Black "Shankland, Sam"]
[Result "1-0"]
[WhiteElo "2567"]
[BlackElo "2605"]
[Annotator "."]
[PlyCount "69"]
[EventDate "2013.10.28"]

1. e4 c5 2. Nf3 e6 3. d4 cxd4 4. Nxd4 Nc6 5. Nc3 Qc7 6. Be3 a6 7. Qd2 Nf6 8. f4
b5 9. e5 b4 10. Ncb5 axb5 11. Nxb5 Qb8 12. exf6 gxf6 13. c4 bxc3 14. bxc3 Ra5
15. a4 Ba6 16. Kf2 Be7 17. Be2 O-O 18. Qxd7 Bb7 19. Rhd1 Rc8 20. g3 Bf8 21. Nd6
Bxd6 22. Qxd6 Qa8 23. Rdb1 Rd5 24. Qa3 Ba6 25. c4 Nd4 26. cxd5 Nxe2 27. Qb3
exd5 28. Bd2 Re8 29. Qb6 Kg7 30. f5 Nc3 31. Bh6+ Kg8 32. Re1 Be2 33. Qd4 Qc8
34. Kg1 Qa6 35. Qg4+ 1-0

[Event "2013 AB Junior-Championship"]
[Site "Calgary"]
[Date "2013.11.09"]
[Round "3"]
[White "Shi, Diwen"]
[Black "Miller, David"]
[Result "1/2-1/2"]
[WhiteElo "2143"]
[BlackElo "2054"]
[PlyCount "62"]
[EventDate "2013.11.09"]
[EventType "tourn"]
[EventRounds "5"]
[EventCountry "CAN"]

1. e4 c5 2. Nf3 d6 3. d4 cxd4 4. Nxd4 Nf6 5. Nc3 a6 6. Be3 e5 7. Nb3 Be6 8. Qd2
b5 9. f3 Nbd7 10. a4 b4 11. Nd5 Bxd5 12. exd5 Nb6 13. Bxb6 Qxb6 14. a5 Qb7 15.
Bc4 Be7 16. O-O O-O 17. Ra4 Rfb8 18. Re1 Nd7 19. Raa1 Rc8 20. Bd3 Nc5 21. Nxc5
Rxc5 22. Re4 Rxa5 23. Rxa5 Qb6+ 24. Kf1 Qxa5 25. Rxb4 Bd8 26. c3 Bb6 27. Rc4
Rb8 28. b4 Qa1+ 29. Qe1 Qa2 30. Qe2 Qa1+ 31. Qe1 Qa2 1/2-1/2

[Event "2014 Lethbridge Open"]
[Site "Lethbridge"]
[Date "2014.04.05"]
[Round "1.3"]
[White "Sequillion, Aaron"]
[Black "Le Bigot, John"]
[Result "1-0"]
[WhiteElo "2200"]
[BlackElo "1605"]
[PlyCount "50"]
[EventDate "2014.04.05"]
[EventType "swiss"]
[EventRounds "5"]
[EventCountry "CAN"]

1. e4 c5 2. Nf3 d6 3. d4 cxd4 4. Nxd4 e5 5. Bb5+ Nd7 6. Nf5 Qb6 7. Nc3 a6 8.
Be3 Qd8 9. Ba4 b5 10. Qd5 Rb8 11. Bb3 Qf6 12. O-O-O Bb7 13. Nxd6+ Bxd6 14. Qxd6
Qxd6 15. Rxd6 Ngf6 16. f3 O-O 17. Rhd1 Bc8 18. Nd5 Nxd5 19. R1xd5 Nf6 20. Rxe5
Bb7 21. Re7 Ba8 22. Rxa6 Rbe8 23. Bc5 Rxe7 24. Bxe7 Re8 25. Bxf6 gxf6 1-0

[Event "2014 Lethbridge Open"]
[Site "Lethbridge"]
[Date "2014.04.05"]
[Round "1.11"]
[White "Quiring, John"]
[Black "Garth, Dunn"]
[Result "1-0"]
[WhiteElo "1800"]
[BlackElo "1736"]
[PlyCount "113"]
[EventDate "2014.04.05"]
[EventType "swiss"]
[EventRounds "5"]
[EventCountry "CAN"]

1. Nf3 Nf6 2. c4 g6 3. d4 Bg7 4. Nc3 O-O 5. e4 d6 6. Be2 Nbd7 7. h3 c5 8. Be3
b6 9. O-O cxd4 10. Bxd4 Nc5 11. Nd2 Bb7 12. Qb1 Rc8 13. Rd1 Qd7 14. a4 Qc7 15.
a5 Bh6 16. Nb5 Qb8 17. axb6 axb6 18. f3 Bxd2 19. Bxc5 bxc5 20. Rxd2 Nh5 21. Ra7
Rfd8 22. Qa2 Rd7 23. Qa5 Nf4 24. Bd1 Bc6 25. Rxd7 Bxd7 26. Nc3 Qb7 27. Nd5 Nxd5
28. exd5 Ra8 29. Qc3 Qb4 30. Qxb4 cxb4 31. Kf2 Ba4 32. Bxa4 Rxa4 33. Ke3 Kg7
34. Kd3 Kf6 35. Kc2 e6 36. Kb3 Ra8 37. Kxb4 exd5 38. Rxd5 Rb8+ 39. Kc3 Ke6 40.
b4 Ra8 41. b5 Rc8 42. Kb4 Kd7 43. c5 Rxc5 44. Rxc5 dxc5+ 45. Kxc5 Kc7 46. b6+
Kb7 47. Kb5 g5 48. g4 h6 49. Kc5 Kc8 50. Kc6 Kb8 51. Kd7 Kb7 52. Ke7 Kxb6 53.
Kxf7 Kc6 54. Kg6 Kd6 55. Kxh6 Ke6 56. Kxg5 Kf7 57. h4 1-0

[Event "2014 Lethbridge Open"]
[Site "Lethbridge"]
[Date "2014.04.05"]
[Round "2.10"]
[White "Dunn, Garth"]
[Black "Viminitz, Paul"]
[Result "1-0"]
[WhiteElo "1736"]
[BlackElo "1521"]
[PlyCount "49"]
[EventDate "2014.04.05"]
[EventType "swiss"]
[EventRounds "5"]
[EventCountry "CAN"]

1. d4 Nf6 2. c4 g6 3. Nc3 Bg7 4. e3 b6 5. Bd3 Bb7 6. f3 d6 7. Nge2 Nbd7 8. O-O
c6 9. Bd2 Qc7 10. Be1 O-O-O 11. Rc1 e5 12. d5 Nc5 13. Bb1 Qe7 14. b4 Ncd7 15.
e4 Kb8 16. a4 Rc8 17. Bf2 cxd5 18. cxd5 Rc7 19. a5 Rhc8 20. Qa4 Qe8 21. axb6
Nxb6 22. Qa2 Ba8 23. Bd3 Nc4 24. Ra1 Qd7 25. Bxc4 1-0

[Event "2014 Lethbridge Open"]
[Site "Lethbridge"]
[Date "2014.04.05"]
[Round "2.11"]
[White "Koperski, Dustin"]
[Black "Faraji, Jafar"]
[Result "0-1"]
[WhiteElo "1371"]
[BlackElo "1720"]
[PlyCount "30"]
[EventDate "2014.04.05"]
[EventType "swiss"]
[EventRounds "5"]
[EventCountry "CAN"]

1. e4 c6 2. d4 d5 3. Nc3 dxe4 4. Nxe4 Bf5 5. Nc3 e6 6. Bd3 Qxd4 7. Nf3 Qd8 8.
Bxf5 Qxd1+ 9. Kxd1 exf5 10. Re1+ Be7 11. Bg5 f6 12. Bf4 Na6 13. Re3 g5 14. Nxg5
fxg5 15. Bxg5 O-O-O+ 0-1

[Event "2014 Lethbridge Open"]
[Site "Lethbridge"]
[Date "2014.04.05"]
[Round "3.10"]
[White "Davies, Andy"]
[Black "Berndtsson, Kurt"]
[Result "1/2-1/2"]
[WhiteElo "1510"]
[BlackElo "1256"]
[PlyCount "92"]
[EventDate "2014.04.05"]
[EventType "swiss"]
[EventRounds "5"]
[EventCountry "CAN"]

1. Nf3 b6 2. g3 Bb7 3. Bg2 e5 4. O-O Bc5 5. c4 f6 6. e3 Ne7 7. a3 d5 8. b4 Bd6
9. Ne1 O-O 10. Nc3 c6 11. d4 dxc4 12. b5 exd4 13. exd4 Nd5 14. Nxd5 cxd5 15.
Qg4 Rf7 16. Nc2 Bf8 17. Ne3 Kh8 18. Nxc4 Bc8 19. Qh5 Be6 20. Ne3 g6 21. Qe2 a5
22. a4 Raa7 23. Bb2 Bb4 24. Rac1 Rad7 25. f4 f5 26. Nc2 Bf8 27. Ne1 Rfe7 28.
Nf3 Bg7 29. Rc2 Bg8 30. Ne5 Rc7 31. Rfc1 Rxc2 32. Rxc2 Nd7 33. Qd1 Nxe5 34.
dxe5 g5 35. Bd4 gxf4 36. gxf4 Rb7 37. Rc6 h6 38. Qc1 Qh4 39. Bxb6 Bxe5 40. fxe5
Rxb6 41. Rxb6 Qd4+ 42. Kh1 Qxb6 43. Qc8 Qd4 44. h3 Qa1+ 45. Kh2 Qxe5+ 46. Kh1
Qa1+ 1/2-1/2

[Event "2014 Lethbridge Open"]
[Site "Lethbridge"]
[Date "2014.04.06"]
[Round "4.4"]
[White "Miller, David"]
[Black "Panteluk, Steven"]
[Result "1-0"]
[WhiteElo "2164"]
[BlackElo "1784"]
[PlyCount "59"]
[EventDate "2014.04.05"]
[EventType "swiss"]
[EventRounds "5"]
[EventCountry "CAN"]

1. e4 c5 2. Nf3 Nc6 3. d4 cxd4 4. Nxd4 e6 5. Nc3 Nf6 6. Ndb5 d6 7. Bf4 e5 8.
Bg5 Be7 9. Bxf6 Bxf6 10. Nxd6+ Kf8 11. Bc4 Be6 12. Bxe6 fxe6 13. Nc4 Nd4 14.
O-O Rc8 15. Ne3 g6 16. Ne2 Qb6 17. c3 Nxe2+ 18. Qxe2 Bg5 19. Ng4 Qc5 20. Rad1
h5 21. Qf3+ Ke7 22. Ne3 Bf4 23. g3 Bg5 24. Qe2 b5 25. Rd3 Rhf8 26. Rfd1 Rc7 27.
Qd2 Rf3 28. Nd5+ exd5 29. Qxg5+ Rf6 30. Qxe5+ 1-0

[Event "2014 Lethbridge Open"]
[Site "Lethbridge"]
[Date "2014.04.06"]
[Round "4.10"]
[White "Dodd, Mark"]
[Black "Davies, Andy"]
[Result "1-0"]
[WhiteElo "1720"]
[BlackElo "1510"]
[PlyCount "75"]
[EventDate "2014.04.05"]
[EventType "swiss"]
[EventRounds "5"]
[EventCountry "CAN"]

1. b3 Nf6 2. Bb2 g6 3. Bxf6 exf6 4. e3 Bg7 5. d4 O-O 6. Nf3 b6 7. c4 c5 8. Nc3
cxd4 9. Nxd4 Re8 10. Be2 f5 11. O-O Bb7 12. Qd2 Qc7 13. Ndb5 Qd8 14. Nd6 Re6
15. Nxb7 Qc7 16. Nb5 Qxb7 17. Bf3 Nc6 18. Rad1 Rd8 19. Bd5 Re7 20. Bxc6 Qxc6
21. Nxa7 Qb7 22. Nb5 d5 23. cxd5 Red7 24. d6 Be5 25. Qb4 Qc6 26. Rc1 Bxd6 27.
Rxc6 Bxb4 28. Rxb6 Rd2 29. a3 Be7 30. Rb7 Bf6 31. g3 Kg7 32. Rc1 Rd1+ 33. Rxd1
Rxd1+ 34. Kg2 h6 35. a4 g5 36. a5 Ra1 37. b4 Bd8 38. Nc7 1-0

[Event "2014 Lethbridge Open"]
[Site "Lethbridge"]
[Date "2014.04.06"]
[Round "5.9"]
[White "Dunn, Garth"]
[Black "Davis-Imhof, Peter"]
[Result "0-1"]
[WhiteElo "1736"]
[BlackElo "1543"]
[PlyCount "48"]
[EventDate "2014.04.05"]
[EventType "swiss"]
[EventRounds "5"]
[EventCountry "CAN"]

1. d4 d5 2. c4 c6 3. Nc3 e6 4. e3 Bd6 5. Bd3 dxc4 6. Bxc4 Nf6 7. Nge2 Nbd7 8.
O-O O-O 9. f3 Qc7 10. f4 b5 11. Bb3 b4 12. Na4 c5 13. dxc5 Nxc5 14. Nxc5 Bxc5
15. Bd2 Rd8 16. Qc1 Qb6 17. Kh1 Ne4 18. Rd1 Nxd2 19. Rxd2 Rxd2 20. Qxd2 Bxe3
21. Qd3 Ba6 22. Bc4 Rd8 23. Qb3 Bb7 24. f5 Qc6 0-1

[Event "2014 Alberta Reserves"]
[Site "Edmonton"]
[Date "2014.04.19"]
[Round "1"]
[White "Cheng, Louis"]
[Black "Haynes, Nicolas"]
[Result "0-1"]
[WhiteElo "1892"]
[BlackElo "2273"]
[PlyCount "52"]
[EventDate "2014.04.19"]
[EventType "swiss"]
[EventRounds "5"]
[EventCountry "CAN"]

1. d4 Nf6 2. c4 g6 3. Nc3 Bg7 4. e4 d6 5. Be2 O-O 6. Bg5 h6 7. Be3 e5 8. d5 a5
9. c5 Na6 10. cxd6 cxd6 11. f3 Nh5 12. Na4 Nf4 13. Bf1 b5 14. Nb6 Rb8 15. Nxc8
Rxc8 16. a3 a4 17. g3 Nc5 18. gxf4 exf4 19. Bxf4 Qf6 20. Bh3 Qxf4 21. Bxc8 Bxb2
22. Bh3 Bxa1 23. Qxa1 Qe3+ 24. Kf1 Nd3 25. Qa2 Qe1+ 26. Kg2 Nf4# 0-1

[Event "2014 Alberta Reserves"]
[Site "Edmonton"]
[Date "2014.04.19"]
[Round "2"]
[White "Haynes, Nicolas"]
[Black "Miller, David"]
[Result "1-0"]
[WhiteElo "2273"]
[BlackElo "2167"]
[PlyCount "72"]
[EventDate "2014.04.19"]
[EventType "swiss"]
[EventRounds "5"]
[EventCountry "CAN"]

1. Nf3 Nf6 2. c4 c5 3. Nc3 b6 4. g3 Bb7 5. Bg2 e6 6. O-O Be7 7. d4 cxd4 8. Qxd4
d6 9. Rd1 a6 10. b3 Nbd7 11. Qf4 Rc8 12. Bb2 O-O 13. g4 Qc7 14. Rac1 Qb8 15. g5
Nh5 16. Qg4 g6 17. Nd5 Bd8 18. Nf4 Ng7 19. h4 f5 20. gxf6 Nxf6 21. Qh3 Re8 22.
Ng5 Bxg2 23. Qxg2 d5 24. e3 d4 25. Bxd4 e5 26. Bb2 exf4 27. Bxf6 Bxf6 28. Qd5+
Ne6 29. Nxe6 Kh8 30. Nxf4 Rc5 31. Qf7 Rf8 32. Qd7 Rc7 33. Qg4 Re7 34. Rd5 Be5
35. Ne6 Bh2+ 36. Kg2 Rf6 1-0